Nền giáo dục mới can đảm Phụ bản

محفوظ في:
التفاصيل البيبلوغرافية
المؤلف الرئيسي: Khan, Salman
مؤلفون آخرون: Diệu Như (dịch)
التنسيق: كتاب
اللغة:Vietnamese
منشور في: H. Dân Trí 2024
الموضوعات:
الوسوم: إضافة وسم
لا توجد وسوم, كن أول من يضع وسما على هذه التسجيلة!
Thư viện lưu trữ: Thư viện Trường Đại học Nam Cần Thơ
LEADER 02033nam a22003017a 4500
001 NCT_4_017617
008 250312b xxu||||| |||| 00| 0 vie d
999 |c 8843  |d 8843 
020 |a 9786044059273 
082 |2 23rd ed.  |a 006.3  |b K233 
100 1 |a Khan, Salman 
245 1 0 |a Nền giáo dục mới can đảm   |b Phụ bản  |c Salman Khan ; Diệu Như (dịch) 
260 |a H.  |b Dân Trí  |c 2024 
300 |a 16 tr.  |c 18 cm. 
653 |a Công nghệ Thông tin 
700 0 |a Diệu Như  |e dịch 
942 |2 ddc  |c BK 
952 |0 0  |1 0  |2 ddc  |4 0  |6 006_300000000000000_K233  |7 0  |9 30460  |a 000001  |b 000001  |d 2025-03-12  |l 1  |o 006.3 K233  |p MD.23580  |r 2025-03-22  |s 2025-03-22  |w 2025-03-12  |y BK 
952 |0 0  |1 0  |2 ddc  |4 0  |6 006_300000000000000_K233  |7 0  |9 30461  |a 000001  |b 000001  |d 2025-03-12  |o 006.3 K233  |p MD.23581  |r 2025-03-12  |w 2025-03-12  |y BK 
952 |0 0  |1 0  |2 ddc  |4 0  |6 006_300000000000000_K233  |7 0  |9 30462  |a 000001  |b 000001  |d 2025-03-12  |o 006.3 K233  |p MD.23582  |r 2025-03-12  |w 2025-03-12  |y BK 
952 |0 0  |1 0  |2 ddc  |4 0  |6 006_300000000000000_K233  |7 0  |9 30463  |a 000001  |b 000001  |d 2025-03-12  |o 006.3 K233  |p MD.23583  |r 2025-03-12  |w 2025-03-12  |y BK 
952 |0 0  |1 0  |2 ddc  |4 0  |6 006_300000000000000_K233  |7 0  |9 30464  |a 000001  |b 000001  |d 2025-03-12  |o 006.3 K233  |p MD.23584  |r 2025-03-12  |w 2025-03-12  |y BK 
952 |0 0  |1 0  |2 ddc  |4 0  |6 006_300000000000000_K233  |7 0  |9 30465  |a 000001  |b 000001  |d 2025-03-12  |o 006.3 K233  |p MD.23585  |r 2025-03-12  |w 2025-03-12  |y BK 
952 |0 0  |1 0  |2 ddc  |4 0  |6 006_300000000000000_K233  |7 0  |9 30466  |a 000001  |b 000001  |d 2025-03-12  |o 006.3 K233  |p MD.23586  |r 2025-03-12  |w 2025-03-12  |y BK 
952 |0 0  |1 0  |2 ddc  |4 0  |6 006_300000000000000_K233  |7 0  |9 30467  |a 000001  |b 000001  |d 2025-03-12  |o 006.3 K233  |p MD.23587  |r 2025-03-12  |w 2025-03-12  |y BK 
952 |0 0  |1 0  |2 ddc  |4 0  |6 006_300000000000000_K233  |7 0  |9 30468  |a 000001  |b 000001  |d 2025-03-12  |o 006.3 K233  |p MD.23588  |r 2025-03-12  |w 2025-03-12  |y BK 
952 |0 0  |1 0  |2 ddc  |4 0  |6 006_300000000000000_K233  |7 0  |9 30469  |a 000001  |b 000001  |d 2025-03-12  |o 006.3 K233  |p MD.23589  |r 2025-03-12  |w 2025-03-12  |y BK 
980 |a Thư viện Trường Đại học Nam Cần Thơ